Navegantes bandeirantes diplomatas (Registro nro. 62062)

Detalles MARC
000 -ENCABEZADO
Número de control [NR] 00739nam a2200169Ia 4500
008 - DE LONGITUD FIJA DE DATOS DE ELEMENTOS - INFORMACIÓN GENERAL
Elementos de longitud fija [NR] 130821s1991 br gr por
040 ## - FUENTE DE CATALOGACION [NR]
Agencia de catalogación original [NR] Co-BoUCM
Idioma de catalogación [NR] spa
041 00 - CODIGO DE IDIOMA [R]
Código de idioma para texto/pista de sonido o título separado [R] Portugués
100 1# - ASIENTO PRINCIPAL--NOMBRE PERSONAL [NR]
Nombre personal [NR] Goes, Synesio Sampaio
245 10 - MENCION DE TITULO [NR]
Título [NR] Navegantes bandeirantes diplomatas
Parte restante del título [NR] aspectos da descoberta do continente, da penetracao do território brasileiro extra Tordesilhas e do estabelecimento das fronteiras da Amazonia
Mención de responsabilidad, etc. [NR] Synesio Sampaio Goes
260 ## - PUBLICACION, DISTRIBUCION, ETC. (PIE DE IMPRENTA) [R]
Lugar de publicación, distribución, etc. [R] Brasilia (Brasil)
Nombre del editor, distribuidor, etc. [R] Instituto de Pesquisa de Relacoes Internacionais. IPRI
Fecha de publicación, distribución, etc. [R] 1991
300 ## - DESCRIPCION FISICA [R]
Extensión [R] 198 páginas
651 #7 - ASIENTO SECUNDARIO DE MATERIA - NOMBRE GEOGRAFICO [R]
Nombre geográfico [NR] Brasil
Geographic name following place entry element [OBSOLETE] Relaciones internacionales
Subdivisión general [R] Historia
9 (RLIN) 26823
651 #7 - ASIENTO SECUNDARIO DE MATERIA - NOMBRE GEOGRAFICO [R]
Nombre geográfico [NR] Brasil
Subdivisión general [R] Historia
9 (RLIN) 26823
942 ## - ELEMENTOS DE ENTRADA AGREGADOS (KOHA)
Tipo de ítem principal el descrito en 300a Libro
Tema principal Historia
Edición 1
Parte restante de la signatura top. G627
Sistema de clasificación DEWEY
Clasificación 981
Existencias
Total préstamos Signatura topográfica Código de barras Última vez visto Ejemplar Price effective from Tipo de ítem Perdido Sistema de clasificación Dañado No prestable Tipo de ítem específico Suprimido Ubicación habitual Ubicación actual Localización Fecha de creación Forma de adquisición Costo
  981 G627 3000673 15/12/2012 Ej.1 03/02/2013 Libro   DEWEY     Libro     Bib. Cavelier Acavalier 28/02/2013   0.00